000 01097nam a22002657a 4500
003 PE SENCICO BE
005 20251020182707.0
008 240301b |||||||| |||| 00| 0 eng d
040 _aPE SENCICO BE
_cPE SENCICO BE
041 _aspa
084 _aI
_aDIS
_a1998
_bF23
100 1 _92001
_aFarfán Falcón, David
_eautor
245 1 _aProyecto remodelación de la Biblioteca Manuel Solari Swayne Museo de Arte de Lima /
_cDavid Farfán Falcón
260 _aLima :
_c1998
300 _a[20] h. :
_bil. col., fotog. ;
_c30 x 42 cm.
502 _aMonografía de Titulación.-- Servicio Nacional de Capacitación para la Industria de la Construcción. Escuela Superior Técnica. Carrera Profesional Técnica en Diseño de Interiores, 1998
650 1 0 _944
_aDiseño de interiores
650 2 0 _92002
_aBibliotecas
650 2 0 _92003
_aRemodelación
650 2 0 _9940
_aProyectos de edificaciones
650 2 0 _9615
_aPlanos
710 1 _aServicio Nacional de Capacitación para la Industria de la Construcción.
_bEscuela Superior Técnica
_91065
910 _bhfp
_chfp
942 _cMON
_2ddc
999 _c4976
_d4976